| 000 | 00736pam a2200229 a 4500 | ||
|---|---|---|---|
| 999 |
_c6068 _d6068 |
||
| 001 | 3786 | ||
| 003 | BD-DhUAP | ||
| 005 | 20201224115007.0 | ||
| 008 | 201224s1999 nyua b 001 0 eng | ||
| 020 | _a0471316350 (cloth : alk. paper) | ||
| 040 |
_aDLC _cDLC _dBD-DhUAP _beng |
||
| 082 | 0 | 0 |
_a658.4092 HEE _223 |
| 100 | 1 | _aHeenan, David A. | |
| 245 | 1 | 0 |
_aCo-leaders : _bthe power of great partnerships / _cDavid A. Heenan and Warren Bennis. |
| 260 |
_aNew York : _bJohn Wiley, _cc1999. |
||
| 300 |
_aviii, 312 pages : _billustrations ; _c24 cm. |
||
| 504 | _aIncludes bibliographical references (p. 283-304) and index. | ||
| 650 | 0 | _aLeadership. | |
| 650 | 0 | _aChief executive officers. | |
| 700 | 1 | _aBennis, Warren. | |
| 942 |
_2ddc _cBK |
||